Arrondissements d'Île-de-France - Statistiques

Statistiques générales
  • Ce quiz a été pris 23 fois
  • Le résultat moyen est 16 sur 25
Réponses sur la Carte
Les réponses sont colorées sur une échelle allant du rouge au vert en fonction du pourcentage des utilisateurs qui les ont devinées à leur premier essai. Vous pouvez retrouver ces pourcentages ci-dessous.
 
Statistiques - réponses
Département Code d'arrondissement Nom d'arrondissement % Correct
75 751 Paris
100%
92 922 Nanterre
95%
78 784 Versailles
95%
93 933 Saint-Denis
90%
91 912 Évry
86%
94 941 Créteil
81%
95 951 Argenteuil
76%
78 781 Mantes-la-Jolie
76%
77 772 Melun
76%
93 931 Bobigny
71%
92 923 Boulogne-Billancourt
67%
77 771 Meaux
67%
95 953 Pontoise
67%
78 782 Rambouillet
67%
92 921 Antony
62%
95 952 Sarcelles
62%
91 911 Étampes
57%
78 783 Saint-Germain-en-Laye
57%
77 774 Fontainebleau
52%
91 913 Palaiseau
52%
77 773 Provins
43%
94 943 L'Haÿ-les-Roses
38%
94 942 Nogent-sur-Marne
38%
77 775 Torcy
38%
93 932 Le Raincy
33%
Aucun quiz correspondant
Distribution des résultats
% des personnes avec chaque résultat
Percentile par nombre de réponses
Votre historique - résultats
Vous n’avez pas pris ce quiz